| 000 | 00613nam a2200193 a 4500 | ||
|---|---|---|---|
| 005 | 20140310183425.0 | ||
| 008 | 070927s19uu xx 00 eng d | ||
| 020 | _a978-0321-304865 | ||
| 050 |
_aQA 76.9 _b.Ar795 2007 |
||
| 100 | _aWysopal, Chris et al. | ||
| 245 |
_aThe art of software security testing : _bidentifying software security flaws / _cChris Wysopal, et al. ; |
||
| 260 |
_aNew Jersey : _bAddison and Wesley, _c2007. |
||
| 300 |
_a266 p. : _c25 cm. |
||
| 521 | _aIT | ||
| 650 | _aComputer security. | ||
| 650 |
_aComputer networks _xSecurity measures. |
||
| 942 |
_cBK _2lcc _kFOR |
||
| 999 |
_c22641 _d22641 |
||